Manual de gaviones /
Se aborda la erosión en las márgenes de ríos y cauces, la alteración del terreno por la misma y la manera de rectificar este problema. Contenido: Introducción; Hidráulica fluvial; Control de cárcavas; Estabilidad y rectificación de cauces; Muros de retención.
Na minha lista:
| Autor principal: | |
|---|---|
| Outros Autores: | |
| Formato: | Livro |
| Idioma: | espanhol |
| coleção: | (Series del Instituto de Ingeniería ;
624) |
| Assuntos: | |
| Tags: |
Sem tags, seja o primeiro a adicionar uma tag!
|
MARC
| LEADER | 00000nam^a2200000^a^4500 | ||
|---|---|---|---|
| 001 | 000169223 | ||
| 005 | 20250521000000.0 | ||
| 009 | 20260310101228.935 | ||
| 022 | |a 0185-2345 | ||
| 037 | |a Acervo ITESO - Biblioteca | ||
| 041 | |a ESP | ||
| 082 | |a 627. 133 |b CAM | ||
| 100 | |a Camargo Hernández, Jaime E. |e (autor) | ||
| 245 | 1 | 0 | |a Manual de gaviones / |c J.E. Camargo Hernández, V. Franco. |
| 264 | |a México : |b UNAM, Instituto de Ingeniería, |c 2001 | ||
| 300 | |a 153 p. | ||
| 336 | |a texto |b txt |2 rdacontenido | ||
| 337 | |a sin mediación |b n |2 rdamedio | ||
| 338 | |a volumen |b nc |2 rdasoporte | ||
| 440 | 1 | |a (Series del Instituto de Ingeniería ; |v 624) | |
| 520 | |a Se aborda la erosión en las márgenes de ríos y cauces, la alteración del terreno por la misma y la manera de rectificar este problema. Contenido: Introducción; Hidráulica fluvial; Control de cárcavas; Estabilidad y rectificación de cauces; Muros de retención. | ||
| 649 | |a XX | ||
| 650 | |a Ríos - |x Control | ||
| 650 | |a Muros de Contención | ||
| 650 | |a Presas de Contención | ||
| 650 | |a Cuencas Hidrográficas | ||
| 650 | |a Erosión | ||
| 650 | |a Ingeniería Hidráulica | ||
| 650 | |a Ingeniería Civil | ||
| 700 | |a Franco, Víctor |e (autor) | ||
| 910 | |a Fondo General | ||
| 920 | |a Impresos - Libros | ||
| 930 | |a Colección General | ||
| 905 | |a 101 | ||
| 901 | |a 0500105775 |b IT1 |c ACC |u 20250521 | ||
| 902 | |a https://opac.biblio.iteso.mx/vufind/Record/000169223 | ||